[Event "1st FIDE OWCCCC Pools-East 2021"]
[Site "Online"]
[Date "2021.02.20"]
[Round "5.23"]
[White "Chetverov, Dmitriy"]
[Black "Chernoshchek, Andrey"]
[Result "1/2-1/2"]
[WhiteElo "1462"]
[BlackElo "1845"]
[Annotator "NA RC"]
[PlyCount "152"]
[EventDate "2021.02.19"]
[EventType "team-tourn"]
[EventCountry "NET"]
[SourceTitle "playchess.com"]
[Source "ChessBase"]
[SourceQuality "1"]

1. d4 c5 2. d5 e6 3. e4 Nf6 4. Nc3 exd5 5. exd5 d6 6. Nf3 Be7 7. Bb5+ Bd7 8. O-O O-O 9. a4 Na6 10. Bxa6 bxa6 11. Qe2 Bg4 12. h3 Bh5 13. Bf4 Re8 14. g4 Bg6 15. Nh4 Nxd5 16. Nxg6 Bf6 17. Qxa6 Nxc3 18. bxc3 hxg6 19. Qxd6 Qxd6 20. Bxd6 Bxc3 21. Ra3 Bb4 22. Rd3 c4 23. Rd4 Rad8 24. Rfd1 Bxd6 25. Rxd6 Rxd6 26. Rxd6 Re2 27. Rd8+ Kh7 28. Ra8 Rxc2 29. Rxa7 Ra2 30. a5 c3 31. Rc7 c2 32. Kg2 Kh6 33. a6 Kg5 34. Kg3 Ra3+ 35. f3 Rxa6 36. Rxc2 Ra3 37. Rc7 f6 38. Rxg7 f5 39. h4+ Kf6 40. Rb7 fxg4 41. Kxg4 Ra4+ 42. f4 Ra5 43. Rb6+ Kg7 44. Re6 Rb5 45. Re5 Rb1 46. Re3 Kf6 47. Ra3 Rg1+ 48. Kf3 Rf1+ 49. Kg3 Rg1+ 50. Kf2 Rg4 51. Kf3 Rxh4 52. Ra6+ Kg7 53. Kg3 Rh1 54. Ra7+ Kf6 55. Ra5 Rg1+ 56. Kf3 Rf1+ 57. Ke3 Re1+ 58. Kd4 Rd1+ 59. Ke4 Re1+ 60. Kf3 Rf1+ 61. Kg2 Rb1 62. Kg3 Rg1+ 63. Kf2 Rb1 64. Ra2 Kf5 65. Kf3 Rb3+ 66. Kf2 Kxf4 67. Ra4+ Kg5 68. Ra5+ Kh4 69. Ra2 g5 70. Kg2 g4 71. Kh2 Rh3+ 72. Kg2 Rb3 73. Kh2 Kg5 74. Kg2 Kf4 75. Ra4+ Kg5 76. Ra2 Kh4 1/2-1/2

[Event "1st FIDE OWCCCC Pools-East 2021"]
[Site "Online"]
[Date "2021.02.20"]
[Round "5.24"]
[White "Rodionova, Polina"]
[Black "Pochesteva, Irina"]
[Result "1-0"]
[WhiteElo "2024"]
[BlackElo "1440"]
[Annotator "NA"]
[PlyCount "83"]
[EventDate "2021.02.19"]
[EventType "team-tourn"]
[EventCountry "NET"]
[SourceTitle "playchess.com"]
[Source "ChessBase"]
[SourceQuality "1"]

1. e4 e5 2. Nf3 Nc6 3. Bc4 Nf6 4. d3 Be7 5. Bb3 O-O 6. c3 d6 7. Nbd2 Bg4 8. h3 Bh5 9. Nf1 Na5 10. Bc2 Nd7 11. Ng3 Bg6 12. O-O Bh4 13. Nxh4 Qxh4 14. Qf3 Qf6 15. Qg4 Qe7 16. Nf5 Bxf5 17. Qxf5 f6 18. f4 exf4 19. d4 g5 20. Qxa5 b6 21. Qf5 Rf7 22. Bb3 Kg7 23. Bxf7 Qxf7 24. h4 h6 25. Bd2 Nf8 26. e5 dxe5 27. dxe5 Rd8 28. exf6+ Qxf6 29. Qxf6+ Kxf6 30. Rad1 Kg6 31. c4 c5 32. hxg5 hxg5 33. Bc3 Re8 34. Rfe1 Kf7 35. Rxe8 Kxe8 36. Rd5 Nh7 37. Kf2 Ke7 38. Kf3 a5 39. Be5 Nf8 40. Bd6+ Kf7 41. Bxf8 Kxf8 42. Rxg5 1-0

[Event "1st FIDE OWCCCC Pools-East 2021"]
[Site "Online"]
[Date "2021.02.20"]
[Round "5.24"]
[White "Cipkis, Svetlana"]
[Black "Alivand, Majid"]
[Result "0-1"]
[WhiteElo "1360"]
[BlackElo "2120"]
[Annotator "TA"]
[PlyCount "124"]
[EventDate "2021.02.19"]
[EventType "team-tourn"]
[EventCountry "NET"]
[SourceTitle "playchess.com"]
[Source "ChessBase"]
[SourceQuality "1"]

1. e4 c5 2. Nf3 d6 3. Bc4 e6 4. O-O a6 5. a3 Nc6 6. Nc3 b5 7. Be2 Nf6 8. d3 Be7 9. h3 O-O 10. Bg5 h6 11. Bh4 Bb7 12. Re1 Rc8 13. Qd2 b4 14. axb4 cxb4 15. Na2 Nxe4 16. Bxe7 Nxd2 17. Bxd8 Nxf3+ 18. Bxf3 Rfxd8 19. Bxc6 Rxc6 20. Nxb4 Rb6 21. c3 Ra8 22. d4 a5 23. Nd3 Bd5 24. b4 a4 25. Nf4 Bb3 26. Re3 a3 27. Rg3 Kf8 28. Nh5 g6 29. Nf6 Ke7 30. Ne4 a2 31. Nd2 Bc2 32. Nc4 Rba6 33. Na5 Bb1 34. Nb3 Rc6 35. Nd2 Rac8 36. c4 Rxc4 37. Nxc4 Rxc4 38. Ra3 Rxb4 39. Ra7+ Kf6 40. Kh2 Rxd4 41. f3 Rd2 42. Ra6 d5 43. Kg3 d4 44. Kf4 g5+ 45. Kg3 d3 46. Rd6 Ke5 47. Rd8 f5 48. Kh2 Kf4 49. Rd4+ Ke3 50. Rd6 e5 51. Kg3 Rb2 52. Rxh6 d2 53. Rd6 Ke2 54. Rd5 d1=Q 55. Rxd1 Kxd1 56. h4 gxh4+ 57. Kxh4 Rxg2 58. Kh3 Rg8 59. Kh4 Kc2 60. Kh5 Kb2 61. Rxa2+ Bxa2 62. Kh6 e4 0-1

[Event "1st FIDE OWCCCC Pools-East 2021"]
[Site "Online"]
[Date "2021.02.20"]
[Round "5.24"]
[White "Goldberg, Ilya"]
[Black "Rangarajan, Anand"]
[Result "1-0"]
[WhiteElo "1227"]
[BlackElo "1606"]
[Annotator "NA"]
[PlyCount "149"]
[EventDate "2021.02.19"]
[EventType "team-tourn"]
[EventCountry "NET"]
[SourceTitle "playchess.com"]
[Source "ChessBase"]
[SourceQuality "1"]

1. e4 e5 2. d4 exd4 3. c3 dxc3 4. Bc4 h6 5. Qb3 Qe7 6. Nxc3 d6 7. Nge2 Nc6 8. O-O Nf6 9. Bf4 g5 10. Bg3 Bg7 11. Rfe1 O-O 12. Nd5 Nxd5 13. exd5 Ne5 14. Nd4 Qf6 15. Be2 a6 16. Nf3 Nxf3+ 17. Bxf3 Qxb2 18. Rac1 Qxb3 19. axb3 f5 20. h3 f4 21. Bh2 c6 22. dxc6 bxc6 23. Rxc6 Rb8 24. Rxd6 Kh8 25. Bd5 a5 26. Bc4 Bf5 27. Rd5 Ra8 28. g3 f3 29. g4 Bc2 30. Bc7 a4 31. bxa4 Rxa4 32. Bb5 Ra7 33. Be5 Bxe5 34. Rexe5 Ra1+ 35. Kh2 Rg1 36. Rd2 Rg2+ 37. Kh1 Ra8 38. Re1 Be4 39. Bf1 Ra4 40. Bxg2 fxg2+ 41. Kg1 Kg7 42. Rde2 Bf3 43. Re7+ Kf8 44. Rh7 Ra6 45. Rh8+ Kg7 46. Rhe8 Kf7 47. R8e7+ Kf6 48. R7e3 Bb7 49. f3 Ra2 50. Re6+ Kf7 51. Re7+ Kf8 52. Rxb7 Ra3 53. Rc1 Re3 54. Rc8+ Re8 55. Rxe8+ Kxe8 56. Kxg2 Kf8 57. Kg3 Kg8 58. h4 gxh4+ 59. Kxh4 Kh8 60. Kh5 Kg8 61. Kxh6 Kf8 62. Kg6 Ke8 63. Kf6 Kd8 64. Ke6 Kc8 65. Rh7 Kd8 66. g5 Kc8 67. g6 Kb8 68. Kd6 Kc8 69. g7 Kb7 70. g8=R+ Kb6 71. Rg5 Ka6 72. Rh6 Kb6 73. Kd5+ Kc7 74. Rg7+ Kd8 75. Rh8# 1-0

[Event "1st FIDE OWCCCC Pools-East 2021"]
[Site "Online"]
[Date "2021.02.20"]
[Round "5.24"]
[White "Tanvi Thakur"]
[Black "Vudumula, Deepthi"]
[Result "1-0"]
[WhiteElo "1185"]
[BlackElo "912"]
[Annotator "NA"]
[PlyCount "69"]
[EventDate "2021.02.19"]
[EventType "team-tourn"]
[EventCountry "NET"]
[SourceTitle "playchess.com"]
[Source "ChessBase"]
[SourceQuality "1"]

1. e4 e5 2. Nf3 Nf6 3. Nc3 Nc6 4. Bc4 g6 5. d3 Bg7 6. Bg5 O-O 7. Nd5 d6 8. h3 h6 9. Nxf6+ Bxf6 10. Bxh6 Bg7 11. Qd2 Be6 12. Bxg7 Kxg7 13. Bxe6 fxe6 14. Ng5 d5 15. Nxe6+ Kg8 16. Nxd8 Rfxd8 17. exd5 Rxd5 18. O-O-O Kf8 19. Qg5 Ne7 20. Qf6+ Ke8 21. Qh8+ Kd7 22. Qxa8 c6 23. Qxb7+ Kd6 24. Qxa7 c5 25. c4 Kc6 26. cxd5+ Nxd5 27. Qa8+ Kd6 28. a4 Ke6 29. Qc6+ Ke7 30. Qxd5 Kf6 31. Qxc5 e4 32. dxe4 Ke6 33. Rd6+ Ke7 34. Qc7+ Kf8 35. Rd8# 1-0

[Event "1st FIDE OWCCCC Pools-East 2021"]
[Site "Online"]
[Date "2021.02.20"]
[Round "5.24"]
[White "Evaliae"]
[Black "Antonova, Svetlana"]
[Result "0-1"]
[WhiteElo "313"]
[BlackElo "1711"]
[Annotator "NA"]
[PlyCount "62"]
[EventDate "2021.02.19"]
[EventType "team-tourn"]
[EventCountry "NET"]
[SourceTitle "playchess.com"]
[Source "ChessBase"]
[SourceQuality "1"]

1. d4 Nf6 2. Nf3 e6 3. Bf4 b6 4. c3 Bb7 5. Nbd2 Be7 6. e3 O-O 7. Be2 d5 8. O-O Nbd7 9. b4 Nh5 10. Bxc7 Qxc7 11. Qc2 Rac8 12. Rac1 Bxb4 13. cxb4 Qxc2 14. Rxc2 Rxc2 15. a4 Rfc8 16. a5 bxa5 17. bxa5 a6 18. g4 Nhf6 19. g5 Ne4 20. Nb3 Rxe2 21. h4 Rcc2 22. h5 Rxf2 23. Rxf2 Rxf2 24. g6 Rxf3 25. gxh7+ Kxh7 26. Nc1 Rxe3 27. Na2 Ra3 28. Nb4 Rxa5 29. Nxd5 exd5 30. Kg2 Ra3 31. h6 Kxh6 0-1

[Event "1st FIDE OWCCCC Pools-East 2021"]
[Site "Online"]
[Date "2021.02.20"]
[Round "5.25"]
[White "Vaisser, Anatoly"]
[Black "Broly, Mathilde"]
[Result "1-0"]
[WhiteElo "2501"]
[BlackElo "2150"]
[Annotator "TA"]
[PlyCount "140"]
[EventDate "2021.02.19"]
[EventType "team-tourn"]
[EventCountry "NET"]
[SourceTitle "playchess.com"]
[Source "ChessBase"]
[SourceQuality "1"]

1. d4 Nf6 2. c4 g6 3. Nc3 d5 4. cxd5 Nxd5 5. e4 Nxc3 6. bxc3 Bg7 7. Bb5+ c6 8. Ba4 O-O 9. Nf3 Qa5 10. O-O c5 11. Be3 Bg4 12. Bb3 cxd4 13. cxd4 Nc6 14. Rc1 Bxf3 15. gxf3 Qh5 16. f4 Qh3 17. f3 Rfd8 18. d5 Na5 19. Bd4 Bh6 20. Qd2 Nxb3 21. axb3 Qh4 22. Be3 Bg7 23. Rc7 b6 24. Rfc1 Qh3 25. Qg2 Qxg2+ 26. Kxg2 Kf8 27. Rb7 Rdc8 28. Rxc8+ Rxc8 29. Rxa7 Rc2+ 30. Kg3 Bc3 31. Bxb6 h5 32. e5 Be1+ 33. Kh3 Bb4 34. Ra4 Bd2 35. d6 exd6 36. exd6 Ke8 37. Re4+ Kd7 38. Re2 Rc6 39. Rxd2 Rxb6 40. Rd3 Rb4 41. f5 g5 42. Kg3 Rf4 43. Rd5 Rb4 44. f6 h4+ 45. Kg2 Rxb3 46. Rxg5 Kxd6 47. Rh5 Ke6 48. Rh6 h3+ 49. Kg3 Kf5 50. Rxh3 Kxf6 51. Rh6+ Kg5 52. Ra6 Rc3 53. h4+ Kf5 54. Ra5+ Kg6 55. Kg4 Rc1 56. h5+ Kg7 57. f4 Rg1+ 58. Kf5 Rh1 59. Ke4 Rh4 60. Rf5 Rh3 61. Ke5 f6+ 62. Rxf6 Rxh5+ 63. Ke6 Ra5 64. Rf7+ Kg8 65. Rd7 Ra1 66. f5 Re1+ 67. Kf6 Re8 68. Kg6 Ra8 69. f6 Kf8 70. Rh7 Ra1 1-0

[Event "1st FIDE OWCCCC Pools-East 2021"]
[Site "Online"]
[Date "2021.02.20"]
[Round "5.25"]
[White "Harikrishnan.A.Ra"]
[Black "Frey, Fabian"]
[Result "1-0"]
[WhiteElo "2429"]
[BlackElo "2106"]
[Annotator "NA"]
[PlyCount "123"]
[EventDate "2021.02.19"]
[EventType "team-tourn"]
[EventCountry "NET"]
[SourceTitle "playchess.com"]
[Source "ChessBase"]
[SourceQuality "1"]

1. Nf3 d5 2. g3 g6 3. Bg2 c6 4. O-O Bg7 5. d4 Nf6 6. c4 O-O 7. cxd5 cxd5 8. Nc3 Nc6 9. Ne5 Qb6 10. Nxc6 Qxc6 11. Bg5 Rd8 12. Rc1 Qa6 13. Qb3 Be6 14. Nb5 Rac8 15. Nc7 Qd6 16. Bf4 Qd7 17. Nxe6 Qxe6 18. Rxc8 Qxc8 19. Rc1 Qe6 20. Qxb7 Qxe2 21. Qxa7 Ng4 22. Rf1 Qxb2 23. Qxe7 Rf8 24. h3 Bf6 25. Qe1 Nxf2 26. Rxf2 Bxd4 27. Be3 Bxe3 28. Qxe3 Qa1+ 29. Kh2 d4 30. Qb3 Kg7 31. Rf1 Qc3 32. Qxc3 dxc3 33. Rc1 Rc8 34. a4 Rc4 35. a5 Ra4 36. Rxc3 Rxa5 37. Rc7 Rf5 38. g4 Rf2 39. Kg3 Rf6 40. Bd5 g5 41. Be4 h6 42. Rc6 Rf1 43. Bf3 Ra1 44. Rc7 Ra3 45. Kf2 Ra2+ 46. Ke3 Ra3+ 47. Ke4 Ra4+ 48. Ke5 Rf4 49. Bd5 Rf1 50. Rc3 Re1+ 51. Kd6 Rf1 52. Rf3 Rxf3 53. Bxf3 f5 54. gxf5 Kf6 55. Bg4 h5 56. Kd5 hxg4 57. hxg4 Kf7 58. Ke5 Ke7 59. f6+ Kf7 60. Kf5 Ke8 61. Kxg5 Kf7 62. Kf5 1-0

[Event "1st FIDE OWCCCC Pools-East 2021"]
[Site "Online"]
[Date "2021.02.20"]
[Round "5.25"]
[White "Garcia Lopez, Nicolas"]
[Black "Carlsen, Magnus"]
[Result "0-1"]
[WhiteElo "2039"]
[BlackElo "2862"]
[Annotator "TA"]
[PlyCount "78"]
[EventDate "2021.02.19"]
[EventType "team-tourn"]
[EventCountry "NET"]
[SourceTitle "playchess.com"]
[Source "ChessBase"]
[SourceQuality "1"]

1. e4 g6 2. g3 d5 3. exd5 Qxd5 4. Nf3 Bg4 5. Bg2 Qe4+ 6. Kf1 Bg7 7. d3 Qb4 8. a3 Qb6 9. Nbd2 c6 10. h3 Be6 11. Ne4 Nf6 12. Be3 Qd8 13. Nc5 Bc8 14. d4 O-O 15. c3 Nbd7 16. Nd3 Nd5 17. Qd2 N7b6 18. b3 Nxe3+ 19. fxe3 Bf5 20. g4 Bxd3+ 21. Qxd3 e5 22. Rd1 Nd5 23. c4 e4 24. Qxe4 Re8 25. Qd3 Nxe3+ 26. Kf2 Nxd1+ 27. Rxd1 Qd6 28. b4 Rad8 29. c5 Qf4 30. Qd2 Bxd4+ 31. Kf1 Re3 32. Qf2 Bf6 33. Rxd8+ Bxd8 34. a4 Bf6 35. b5 Qc4+ 36. Kg1 Qxc5 37. bxc6 bxc6 38. Nh2 Re1+ 39. Nf1 Bd4 0-1

[Event "1st FIDE OWCCCC Pools-East 2021"]
[Site "Online"]
[Date "2021.02.20"]
[Round "5.25"]
[White "Saurabh Shejwalkar"]
[Black "Bemarkar, Kiran"]
[Result "1-0"]
[WhiteElo "1817"]
[BlackElo "1215"]
[Annotator "NA RC"]
[PlyCount "141"]
[EventDate "2021.02.19"]
[EventType "team-tourn"]
[EventCountry "NET"]
[SourceTitle "playchess.com"]
[Source "ChessBase"]
[SourceQuality "1"]

1. e4 d5 2. exd5 Qxd5 3. Nc3 Qd8 4. d4 Nf6 5. Nf3 Bg4 6. Be2 e6 7. h3 Bh5 8. O-O Be7 9. Bf4 c6 10. Qd2 O-O 11. Rad1 Nbd7 12. Rfe1 Re8 13. Ng5 Bxe2 14. Qxe2 h6 15. Nxf7 Kxf7 16. Qxe6+ Kf8 17. d5 Bb4 18. Bd6+ Bxd6 19. Qxd6+ Kg8 20. dxc6 Rxe1+ 21. Rxe1 bxc6 22. Re7 Nb6 23. Qe6+ Kh8 24. Rb7 Qe8 25. Qf5 Nbd5 26. Nxd5 cxd5 27. g4 Qc8 28. Qxc8+ Rxc8 29. c3 Ra8 30. a4 a5 31. f4 Kh7 32. Kf2 Ne4+ 33. Ke3 Nc5 34. Rb5 Nxa4 35. Kd4 Ra6 36. b3 Nb2 37. Rxd5 a4 38. bxa4 Rxa4+ 39. Ke5 Rc4 40. Rd2 Na4 41. Rd4 Rxd4 42. cxd4 Kg6 43. Ke6 h5 44. d5 Nc5+ 45. Ke7 hxg4 46. hxg4 Nb7 47. d6 Kh6 48. d7 Kg6 49. d8=Q Nxd8 50. Kxd8 Kf6 51. Ke8 g6 52. Kf8 g5 53. f5 Ke5 54. Ke7 Kf4 55. f6 Kxg4 56. f7 Kh3 57. f8=Q g4 58. Qf2 g3 59. Qg1 g2 60. Kf6 Kg3 61. Kf5 Kf3 62. Kg5 Kg3 63. Kf5 Kf3 64. Ke5 Kg3 65. Ke4 Kh3 66. Kf3 Kh4 67. Qxg2 Kh5 68. Kf4 Kh6 69. Kf5 Kh7 70. Kf6 Kh8 71. Qg7# 1-0

[Event "1st FIDE OWCCCC Pools-East 2021"]
[Site "Online"]
[Date "2021.02.20"]
[Round "5.25"]
[White "Yash Shah"]
[Black "Purton, Ben J"]
[Result "0-1"]
[WhiteElo "1623"]
[BlackElo "2154"]
[Annotator "NA"]
[PlyCount "94"]
[EventDate "2021.02.19"]
[EventType "team-tourn"]
[EventCountry "NET"]
[SourceTitle "playchess.com"]
[Source "ChessBase"]
[SourceQuality "1"]

1. e4 d6 2. d4 Nf6 3. Bd3 e5 4. Nf3 Bg4 5. h3 Bxf3 6. Qxf3 exd4 7. e5 dxe5 8. Qxb7 Nbd7 9. O-O Bc5 10. Re1 O-O 11. Nd2 Rb8 12. Qc6 Bd6 13. Nc4 Qe7 14. f4 Rfe8 15. fxe5 Nxe5 16. Nxe5 Bxe5 17. Bf4 Qd6 18. Qxd6 cxd6 19. Bc1 h6 20. Re2 Nd5 21. b3 Nb4 22. Be4 d3 23. cxd3 Bxa1 24. Ba3 Bd4+ 25. Kh1 a5 26. Bc1 d5 27. Bf3 Rxe2 28. Bxe2 Re8 29. Bf3 Re1+ 30. Kh2 Rxc1 31. a3 Be5+ 32. g3 Rc2+ 33. Kg1 Nxd3 34. Bxd5 Bd4+ 35. Kf1 Rf2+ 36. Kg1 Rf5+ 37. Kg2 Rxd5 38. b4 axb4 39. axb4 f5 40. g4 f4 41. b5 Ne5 42. b6 f3+ 43. Kg3 Bxb6 44. g5 f2 45. g6 f1=Q 46. Kh4 Qf4+ 47. Kh5 Nf3# 0-1

[Event "1st FIDE OWCCCC Pools-East 2021"]
[Site "Online"]
[Date "2021.02.20"]
[Round "5.26"]
[White "Mauuary, Etienne"]
[Black "Moingt, Jean-Claude"]
[Result "0-1"]
[WhiteElo "2043"]
[BlackElo "2094"]
[Annotator "TA"]
[PlyCount "46"]
[EventDate "2021.02.19"]
[EventType "team-tourn"]
[EventCountry "NET"]
[SourceTitle "playchess.com"]
[Source "ChessBase"]
[SourceQuality "1"]

1. e4 c5 2. Nf3 Nc6 3. d4 cxd4 4. Nxd4 g6 5. Be3 Bg7 6. c4 d6 7. Nc3 Nf6 8. Be2 O-O 9. f3 Nxd4 10. Bxd4 Be6 11. Qd2 Nd7 12. Bxg7 Kxg7 13. h4 h5 14. g4 hxg4 15. fxg4 Ne5 16. h5 Rh8 17. h6+ Kh7 18. g5 Bxc4 19. Bxc4 Nf3+ 20. Ke2 Nxd2 21. Kxd2 Qa5 22. Rag1 Rhf8 23. Rh3 Qc5 0-1

[Event "1st FIDE OWCCCC Pools-East 2021"]
[Site "Online"]
[Date "2021.02.20"]
[Round "5.26"]
[White "Yaschuk, Gregory"]
[Black "mnaveenkumar"]
[Result "1-0"]
[WhiteElo "1772"]
[BlackElo "1805"]
[Annotator "NA"]
[PlyCount "65"]
[EventDate "2021.02.19"]
[EventType "team-tourn"]
[EventCountry "NET"]
[SourceTitle "playchess.com"]
[Source "ChessBase"]
[SourceQuality "1"]

1. c4 c5 2. Nf3 Nc6 3. Nc3 Nf6 4. e3 e6 5. d4 cxd4 6. Nxd4 Bb4 7. Bd2 O-O 8. Bd3 Ne5 9. Be2 a6 10. O-O Qc7 11. b3 d5 12. f4 Nc6 13. Nxc6 bxc6 14. Nxd5 cxd5 15. Bxb4 Rd8 16. Qd4 Bb7 17. Rac1 dxc4 18. Qxc4 Qxc4 19. Bxc4 a5 20. Be7 Rd2 21. Bxf6 gxf6 22. Rf2 Rad8 23. Rcf1 Be4 24. h3 h5 25. h4 f5 26. Rxd2 Rxd2 27. Rf2 Rd7 28. Be2 Kg7 29. Bxh5 Kf6 30. Bf3 Bb1 31. Rb2 Bd3 32. Rd2 Ke7 33. Kf2 1-0

[Event "1st FIDE OWCCCC Pools-East 2021"]
[Site "Online"]
[Date "2021.02.20"]
[Round "5.26"]
[White "Atkar, Sanjay"]
[Black "Vasir, Balveer singh"]
[Result "0-1"]
[WhiteElo "1568"]
[BlackElo "2017"]
[Annotator "TA"]
[PlyCount "62"]
[EventDate "2021.02.19"]
[EventType "team-tourn"]
[EventCountry "NET"]
[SourceTitle "playchess.com"]
[Source "ChessBase"]
[SourceQuality "1"]

1. d4 Nf6 2. Bf4 d5 3. e3 c6 4. Nd2 Qb6 5. Bd3 g6 6. Ngf3 Bg7 7. Ne5 Nbd7 8. Bg3 c5 9. c3 c4 10. Bc2 Qxb2 11. Kf1 Qxc3 12. Rb1 Qa5 13. a4 O-O 14. h4 h5 15. Bf4 Nxe5 16. dxe5 Ng4 17. Nf3 a6 18. e4 Rd8 19. exd5 Rxd5 20. Qe2 Qc5 21. g3 Ra7 22. Kg2 b5 23. axb5 axb5 24. Rhd1 Rad7 25. Rxd5 Rxd5 26. Be4 Rd8 27. Be3 Nxe3+ 28. fxe3 Bg4 29. Qd2 Rxd2+ 30. Nxd2 Qxe3 31. Nf1 Qxe4+ 0-1

[Event "1st FIDE OWCCCC Pools-East 2021"]
[Site "Online"]
[Date "2021.02.20"]
[Round "5.26"]
[White "FI-BONNET"]
[Black "Deboosere, Adam Moussa"]
[Result "1/2-1/2"]
[WhiteElo "1317"]
[BlackElo "1702"]
[Annotator "NA RC"]
[PlyCount "118"]
[EventDate "2021.02.19"]
[EventType "team-tourn"]
[EventCountry "NET"]
[SourceTitle "playchess.com"]
[Source "ChessBase"]
[SourceQuality "1"]

1. e4 c6 2. d4 d5 3. exd5 cxd5 4. c4 Nf6 5. Nf3 Nc6 6. Nc3 e6 7. Bg5 Be7 8. Bxf6 Bxf6 9. cxd5 exd5 10. Be2 O-O 11. O-O Re8 12. h3 Bf5 13. Bb5 Rc8 14. Qb3 a6 15. Bxc6 bxc6 16. Rfe1 Be4 17. Ne5 Bxe5 18. dxe5 Bg6 19. Na4 Qg5 20. Qe3 Qxe3 21. Rxe3 Rb8 22. b3 d4 23. Ree1 Rb5 24. f4 d3 25. Rad1 Rd8 26. g4 h5 27. f5 Bh7 28. Re3 Rbd5 29. Nb2 d2 30. Nc4 g6 31. fxg6 Bxg6 32. Re2 hxg4 33. hxg4 Rd4 34. Rexd2 Rxg4+ 35. Kf2 Rxd2+ 36. Rxd2 Be4 37. Ke3 Bd5 38. Rf2 Re4+ 39. Kd2 Bxc4 40. bxc4 Rxc4 41. Rf6 Rc5 42. e6 fxe6 43. Rxe6 Kf7 44. Rh6 Ke7 45. Kd3 Kd7 46. Rh2 Kc7 47. Kd4 Rd5+ 48. Kc4 Rb5 49. a4 Rg5 50. Rh4 Kb6 51. Kb4 c5+ 52. Kb3 Rg3+ 53. Kc4 Rg6 54. Rf4 Rc6 55. Rf5 a5 56. Rh5 Rc7 57. Rf5 Rc6 58. Rh5 Rc7 59. Rf5 Rc6 1/2-1/2

[Event "1st FIDE OWCCCC Pools-East 2021"]
[Site "Online"]
[Date "2021.02.20"]
[Round "5.27"]
[White "Saim, Mohamed Ilias"]
[Black "Haas, Jacques"]
[Result "1-0"]
[WhiteElo "2171"]
[BlackElo "1836"]
[Annotator "NA"]
[PlyCount "27"]
[EventDate "2021.02.19"]
[EventType "team-tourn"]
[EventCountry "NET"]
[SourceTitle "playchess.com"]
[Source "ChessBase"]
[SourceQuality "1"]

1. e4 c6 2. d4 d5 3. f3 dxe4 4. fxe4 e5 5. Nf3 Bg4 6. Bc4 Be7 7. Bxf7+ Kxf7 8. Nxe5+ Ke8 9. Nxg4 Nd7 10. O-O Ngf6 11. Nxf6+ Nxf6 12. Nc3 c5 13. d5 Rf8 14. e5 1-0

[Event "1st FIDE OWCCCC Pools-East 2021"]
[Site "Online"]
[Date "2021.02.20"]
[Round "5.27"]
[White "Droin, Franck"]
[Black "Wendler, Werner"]
[Result "1-0"]
[WhiteElo "1908"]
[BlackElo "1936"]
[Annotator "TA"]
[PlyCount "149"]
[EventDate "2021.02.19"]
[EventType "team-tourn"]
[EventCountry "NET"]
[SourceTitle "playchess.com"]
[Source "ChessBase"]
[SourceQuality "1"]

1. d4 d5 2. Nf3 c6 3. c3 Bf5 4. Bf4 e6 5. e3 Bd6 6. Bg3 Nf6 7. Bd3 Bxd3 8. Qxd3 Ne4 9. Nbd2 f5 10. Be5 Bxe5 11. Nxe5 Nd7 12. Ndf3 O-O 13. Nxd7 Qxd7 14. Ne5 Qe7 15. Qe2 Rac8 16. O-O-O c5 17. f3 Nd6 18. h4 cxd4 19. exd4 Nc4 20. Rde1 b5 21. Nxc4 Rxc4 22. Qxe6+ Qxe6 23. Rxe6 b4 24. Kd2 bxc3+ 25. bxc3 Rb8 26. Rc1 Ra4 27. Rc2 Kf7 28. Re5 g6 29. Rxd5 Ke6 30. Rc5 Kd6 31. Kd3 Rb1 32. h5 Ra1 33. hxg6 hxg6 34. g4 Ke6 35. Re2+ Kf6 36. gxf5 gxf5 37. Ree5 R4xa2 38. Rxf5+ Kg6 39. Rf8 Rd1+ 40. Kc4 a5 41. f4 a4 42. f5+ Kg7 43. Ra8 Rf1 44. Rc7+ Kf6 45. Rf8+ Kg5 46. f6 Rxf6 47. Rg8+ Kf5 48. Rc5+ Kf4 49. Rg1 Ke3 50. Re5+ Kf2 51. Rh1 Kg2 52. Reh5 Kg3 53. R1h3+ Kg4 54. Rh8 Raf2 55. Rh1 a3 56. Rg8+ Kf3 57. Ra8 a2 58. Ra1 Rc6+ 59. Kb3 Rb6+ 60. Kc4 Rc6+ 61. Kd3 Kg2 62. R1xa2 Rxa2 63. Rxa2+ Kf3 64. Re2 Kf4 65. Re5 Ra6 66. Kc4 Ra4+ 67. Kc5 Ra3 68. c4 Rd3 69. Re8 Kf5 70. d5 Kf6 71. Kc6 Kf7 72. Re1 Rc3 73. c5 Rd3 74. d6 Kf8 75. Kc7 1-0

[Event "1st FIDE OWCCCC Pools-East 2021"]
[Site "Online"]
[Date "2021.02.20"]
[Round "5.27"]
[White "Nikhil Kumar, K.V."]
[Black "Yurkovskaya, Yana"]
[Result "1-0"]
[WhiteElo "1711"]
[BlackElo "1578"]
[Annotator "NA"]
[PlyCount "55"]
[EventDate "2021.02.19"]
[EventType "team-tourn"]
[EventCountry "NET"]
[SourceTitle "playchess.com"]
[Source "ChessBase"]
[SourceQuality "1"]

1. d4 d5 2. c4 c6 3. Nc3 Nf6 4. Nf3 Bf5 5. Bg5 e6 6. e3 Be7 7. Bd3 Bg6 8. cxd5 cxd5 9. O-O O-O 10. Bxg6 hxg6 11. Qb3 b6 12. Ne5 Ne4 13. Bxe7 Qxe7 14. Nxe4 dxe4 15. Rfc1 Na6 16. Qc2 Nb4 17. Qxe4 Rac8 18. a3 Nd5 19. h3 Rc7 20. Qd3 Rfc8 21. Rxc7 Qxc7 22. e4 Nf4 23. Qf3 g5 24. g3 Nxh3+ 25. Kg2 g4 26. Qxg4 f6 27. Qxe6+ Kf8 28. Ng6# 1-0

[Event "1st FIDE OWCCCC Pools-East 2021"]
[Site "Online"]
[Date "2021.02.20"]
[Round "5.27"]
[White "Jagdale, Rahul"]
[Black "Madhuri M. Patil"]
[Result "1-0"]
[WhiteElo "1578"]
[BlackElo "1892"]
[Annotator "NA RC"]
[PlyCount "147"]
[EventDate "2021.02.19"]
[EventType "team-tourn"]
[EventCountry "NET"]
[SourceTitle "playchess.com"]
[Source "ChessBase"]
[SourceQuality "1"]

1. e4 e5 2. Bc4 Nf6 3. Nc3 Nc6 4. Nf3 Bb4 5. d3 d6 6. h3 O-O 7. O-O h6 8. a3 Bxc3 9. bxc3 Re8 10. Be3 a6 11. Rb1 Na5 12. Ba2 b5 13. Qd2 Be6 14. c4 c6 15. Qe2 Qc7 16. Rb2 bxc4 17. Bb6 Qb7 18. Rfb1 cxd3 19. cxd3 Bxa2 20. Bxa5 Qa7 21. Rxa2 Rab8 22. Rab2 Rxb2 23. Qxb2 Nd7 24. Qb7 Qxb7 25. Rxb7 Nc5 26. Rb6 Rc8 27. Ne1 d5 28. f3 Kh7 29. Kf2 f6 30. Ke2 Kg6 31. Bb4 Nb3 32. Rxa6 Nd4+ 33. Ke3 Kg5 34. Bc5 Nb5 35. a4 Nc7 36. Ra7 Ne6 37. Bb6 Rb8 38. a5 Kg6 39. g3 Ng5 40. h4 Ne6 41. Re7 Nf8 42. Rc7 d4+ 43. Kd2 Ra8 44. Rxc6 Nd7 45. Nc2 Nxb6 46. axb6 Rb8 47. Na3 Kf7 48. Nc4 Ke7 49. Rc7+ Kd8 50. Rxg7 Rc8 51. Rg6 h5 52. Rxf6 Kd7 53. Rf5 Kc6 54. Rxe5 Kb7 55. Rxh5 Rf8 56. f4 Rg8 57. Rg5 Rxg5 58. hxg5 Kb8 59. g6 Kb7 60. g7 Kc6 61. g8=Q Kb5 62. Qd5+ Ka6 63. b7 Ka7 64. Qxd4+ Kxb7 65. g4 Kc6 66. g5 Kb5 67. Ne3 Kc6 68. g6 Kc7 69. g7 Kc6 70. g8=Q Kb5 71. Qg5+ Kc6 72. Qdf6+ Kd7 73. Qgg7+ Ke8 74. Qff8# 1-0

[Event "1st FIDE OWCCCC Pools-East 2021"]
[Site "Online"]
[Date "2021.02.20"]
[Round "5.28"]
[White "Bangert, Udo"]
[Black "Kucher-arenas, Deia"]
[Result "1-0"]
[WhiteElo "1875"]
[BlackElo "265"]
[Annotator "NA RC"]
[PlyCount "43"]
[EventDate "2021.02.19"]
[EventType "team-tourn"]
[EventCountry "NET"]
[SourceTitle "playchess.com"]
[Source "ChessBase"]
[SourceQuality "1"]

1. b3 e5 2. Bb2 Bc5 3. e3 Nf6 4. d4 exd4 5. exd4 Bxd4 6. Bxd4 O-O 7. Bd3 Nc6 8. Bb2 Qe7+ 9. Ne2 Nd4 10. O-O h6 11. Nxd4 c5 12. Nf5 Qe6 13. Re1 Re8 14. Rxe6 Rxe6 15. Ne3 b6 16. Qf3 Rb8 17. Nd2 Bb7 18. Qf5 Nh7 19. Qxh7+ Kf8 20. Qxg7+ Ke8 21. Nf5 Re7 22. Qg8# 1-0